LEADER 00900nam a2200205 i 4500 001 000000018108 003 CaOOAMICUS 005 20231031142620.0 008 180830n fr u000 u und u 040 $aSeMil$bita 100 1 $aBrunetière, Ferdinand <1849-1906>.$0(OLS)http://semarc/name/6494 245 10$aÉtudes critiques sur l'histoire de la Littérature française /$cpar Ferdinand Brunetière. 260 $aParis :$bLibrairie Hachette,$c[1905?] 300 $av. ;$c18 cm. 650 4$aLetteratura francese - Storia.$0(OLS)http://semarc/subject/555 774 0 $tPremière série.$bSixième édition.$w()162797 774 0 $tSixième série.$bDeuxième édition revue.$w()162798 996 $6245$aÉtudes critiques sur l'histoire de la Littérature française$9(OLS)http://semarc/title/23896 996 $6260$aParis :$bLibrairie Hachette$9(OLS)http://semarc/publisher/33597 LEADER 00903nam a2200229 i 4500 001 000000067789 003 CaOOAMICUS 005 20141006000000.0 008 141006s1977 it u000 u ita u 013 $a38961 040 $aSeMil$bita 100 1 $aZeffirelli, Franco.$0(OLS)http://semarc/name/33889 245 13$aIl mio Gesù /$cFranco Zeffirelli ; raccontato a Luigi Gianoli. 250 $a3. edizione. 260 $aMilano :$bSperling & Kupfer Editori,$c1977. 300 $a212 p., [8] c. di tav. :$bill. ;$c20 cm. 650 4$aGesù .$0(OLS)http://semarc/subject/13295 700 1 $aGianoli, Luigi.$0(OLS)http://semarc/name/33890 850 $aSeMil 852 $aSeMil$W1$xVenegono$y1$m3M II 101$j33942$B33942$CSeMilBibl$Z2$F33945 $81 996 $6245$aIl mio Gesù$9(OLS)http://semarc/title/108082 996 $6260$aMilano :$bSperling & Kupfer Editori$9(OLS)http://semarc/publisher/31570